[Event "World Blitz 2025"]
[Site "Doha QAT"]
[Date "2025.12.30"]
[Round "15.112"]
[White "Rami, Talab"]
[Black "Medhus, Vitus Bondo"]
[Result "0-1"]
[BlackTitle "FM"]
[WhiteElo "2173"]
[BlackElo "2387"]
[WhiteFideId "7609787"]
[BlackFideId "1462547"]
[EventDate "2025.12.29"]

1. d4 Nf6 2. Nf3 d5 3. g3 g6 4. Bg2 Bg7 5. O-O O-O 6. c4 c6 7. cxd5 Nxd5 8. Nc3
Bg4 9. Nxd5 cxd5 10. Ne5 Bf5 11. Qb3 Nc6 12. Nxc6 bxc6 13. Be3 Rb8 14. Qc3 Qb6
15. b3 Rfc8 16. Rac1 Qa6 17. Qd2 e6 18. Bf4 Rb5 19. h3 h5 20. f3 Qb6 21. e3 e5
22. Bxe5 Bxe5 23. dxe5 Re8 24. f4 f6 25. exf6 Kf7 26. Kh2 Be4 27. Bxe4 Rxe4 28.
f5 g5 29. Rc3 h4 30. Rfc1 Qc7 31. Qf2 Rb6 32. Kg2 Ra6 33. R1c2 Re8 34. Qf3 Rh8
35. e4 d4 36. Rd3 Qe5 37. g4 Re8 38. Re2 c5 39. Qf1 Qd6 40. Qc1 Re5 41. Qc4+
Kxf6 42. b4 Rc6 43. b5 Rc8 44. a4 Rce8 45. Kf3 Rxe4 46. Rxe4 Qg3+ 47. Ke2 Rxe4+
48. Kd2 Qf2+ 49. Kc1 Re1+ 50. Rd1 Qe3+ 51. Kc2 Re2+ 52. Kb1 Qe4+ 53. Ka1 Qe5 54.
Qd3 c4 55. Qa3 d3+ 56. Kb1 Qe7 57. Qc3+ Qe5 58. Qa3 Kf7 59. Rc1 Qe4 60. Ka1 d2
61. Rd1 Qd4+ 62. Kb1 Re3 63. Qb4 Rb3+ 64. Qxb3 cxb3 0-1

[Event "World Blitz 2025"]
[Site "Doha QAT"]
[Date "2025.12.30"]
[Round "15.113"]
[White "Alrehaili, Ahmed Abdullah S"]
[Black "Tissir, Mohamed"]
[Result "1/2-1/2"]
[WhiteTitle "FM"]
[BlackTitle "IM"]
[WhiteElo "2106"]
[BlackElo "2293"]
[WhiteFideId "21518840"]
[BlackFideId "9000240"]
[EventDate "2025.12.29"]

1. e4 c5 2. Nf3 a6 3. b3 d6 4. Bb2 Nc6 5. g3 e5 6. Bg2 Be7 7. O-O Nf6 8. Re1 O-O
9. c3 Bg4 10. h3 Bh5 11. d4 cxd4 12. cxd4 Bxf3 13. Bxf3 Nxd4 14. Bxd4 exd4 15.
Nd2 Rc8 16. Bg2 b5 17. Nf3 d5 18. e5 Ne4 19. Nxd4 Qb6 20. Bxe4 dxe4 21. Nf5 Bc5
22. Qg4 g6 23. Rxe4 Bxf2+ 24. Kg2 Rc2 25. Ne7+ Kg7 26. Nf5+ Kh8 27. Qd1 Rfc8 28.
Re2 Rxe2 29. Qxe2 Bd4 30. Nxd4 Qxd4 31. Rd1 Qc5 32. e6 Qc6+ 33. Kg1 fxe6 34.
Qe5+ Kg8 35. Re1 Qb6+ 36. Kh1 Qb7+ 37. Kg1 Rc6 38. h4 Qd7 39. h5 Qd5 40. hxg6
Qxe5 41. gxh7+ Kxh7 42. Rxe5 Rc1+ 43. Kf2 Rc2+ 44. Re2 Rc6 45. Kf3 Kg6 46. Ke4
Kf6 47. Rf2+ Ke7 48. Kd4 a5 49. g4 Kd6 50. g5 Rc1 51. Rg2 Rd1+ 52. Ke4 Re1+ 53.
Kd3 Ke7 54. Kd4 Rc1 55. g6 Kf8 56. g7+ Kg8 57. Ke5 Rc6 58. Kf6 a4 59. bxa4 bxa4
60. a3 Rc3 61. Kxe6 Rxa3 62. Rg4 Re3+ 63. Kf6 Rf3+ 64. Kg6 a3 65. Ra4 Rg3+ 66.
Kf6 Rf3+ 67. Kg6 1/2-1/2

[Event "World Blitz 2025"]
[Site "Doha QAT"]
[Date "2025.12.30"]
[Round "15.114"]
[White "Damaj, Mohammed"]
[Black "Assylov, Miras"]
[Result "0-1"]
[WhiteTitle "CM"]
[BlackTitle "FM"]
[WhiteElo "2119"]
[BlackElo "2393"]
[WhiteFideId "11501731"]
[BlackFideId "13728873"]
[EventDate "2025.12.29"]

1. e4 Nc6 2. d4 d5 3. Nc3 e5 4. dxe5 d4 5. Nd5 Be6 6. Nf4 Bb4+ 7. Bd2 Bxd2+ 8.
Qxd2 Nxe5 9. Nxe6 fxe6 10. Nf3 Nxf3+ 11. gxf3 Qf6 12. Rg1 O-O-O 13. O-O-O Ne7
14. f4 Ng6 15. f5 exf5 16. Qa5 Kb8 17. exf5 Ne5 18. Bg2 Qxf5 19. Qb4 Qf4+ 20.
Kb1 c6 21. Rge1 Qf6 22. a4 Nf7 23. a5 a6 24. Re7 Nd6 25. Rde1 Rhe8 26. Qb6 Rc8
27. Rxe8 Rxe8 28. Rd1 Nb5 29. Rd2 Qf7 30. Rd1 Qc4 31. Bf1 Qb4 32. Bxb5 Qxb5 33.
Qxb5 axb5 34. Rxd4 Re1+ 35. Ka2 Re2 36. Rf4 Rxc2 37. Rf7 g5 38. h3 Ka7 39. Rf5
h6 40. Kb3 Rc4 41. Rf3 Ka6 42. Rf7 Rh4 43. Rf8 Kxa5 44. f3 Rxh3 45. Kc2 Kb4 46.
Rf7 b6 47. b3 c5 48. Rf6 Ka5 49. Rf8 b4 50. Kd3 Kb5 51. Ke4 Rh1 52. Rc8 Rb1 53.
Rh8 Rxb3 54. Rxh6 Rc3 55. Rg6 b3 56. Rxg5 b2 57. Rg1 Rc1 0-1

[Event "World Blitz 2025"]
[Site "Doha QAT"]
[Date "2025.12.30"]
[Round "15.115"]
[White "Muntean, Victor"]
[Black "Chekh Adm Khedr, Aram"]
[Result "0-1"]
[BlackTitle "FM"]
[WhiteElo "2169"]
[BlackElo "2139"]
[WhiteFideId "1054414"]
[BlackFideId "7601948"]
[EventDate "2025.12.29"]

1. e4 c5 2. c3 d5 3. exd5 Qxd5 4. d4 e6 5. Nf3 Nf6 6. Na3 Nc6 7. Nc2 Be7 8. Be3
cxd4 9. Ncxd4 O-O 10. Nxc6 Qxc6 11. Nd4 Qc7 12. Be2 a6 13. O-O b5 14. a4 b4 15.
Rc1 Bb7 16. cxb4 Qe5 17. Nf3 Qxb2 18. Rc7 Qxb4 19. Qc2 Be4 20. Qa2 Nd5 21. Rc4
Qb7 22. Rfc1 Nxe3 23. fxe3 Bd5 24. Nd4 Bxc4 25. Bxc4 Rac8 26. Rb1 Qe4 27. Qe2
Bg5 28. Rb3 Bxe3+ 29. Rxe3 Qxd4 30. Bxa6 Rc1+ 31. Kf2 Qxa4 32. Bd3 Qf4+ 33. Rf3
Qh4+ 34. Rg3 g6 35. Qe3 Rfc8 36. Ke2 Qh5+ 37. Kf2 Qc5 38. h3 Rc3 39. Qxc5 R8xc5
40. Ke2 Rd5 0-1

[Event "World Blitz 2025"]
[Site "Doha QAT"]
[Date "2025.12.30"]
[Round "15.116"]
[White "Chanda, Sandipan"]
[Black "Khayat, Emad"]
[Result "1-0"]
[WhiteTitle "GM"]
[WhiteElo "2490"]
[BlackElo "1927"]
[WhiteFideId "5004225"]
[BlackFideId "21518076"]
[EventDate "2025.12.29"]

1. d4 Nf6 2. Nf3 e6 3. Nbd2 d5 4. e3 c5 5. b3 Nc6 6. Bb2 Bd6 7. dxc5 Bxc5 8. a3
O-O 9. b4 Be7 10. c4 b6 11. Be2 Bb7 12. O-O dxc4 13. Nxc4 Qxd1 14. Rfxd1 Rfd8
15. b5 Na5 16. Nxa5 bxa5 17. Ne5 Nd5 18. Rac1 Rac8 19. Nc6 Bxc6 20. bxc6 Nb6 21.
Rxd8+ Rxd8 22. c7 Re8 23. Bb5 Rf8 24. Ba6 Nc8 25. a4 Bd6 26. Rc6 Bb4 27. Bd4 Re8
28. f4 Kf8 29. Bb5 f6 30. Rc4 Re7 31. Ba6 Re8 32. e4 Ke7 33. e5 f5 34. Kf2 Rg8
35. h4 g6 36. Ke3 h6 37. Kd3 Kd7 38. Rc2 Ne7 39. Bxa7 Nc8 40. Be3 Rh8 41. Bb5+
Ke7 42. Bc6 Rg8 43. Kc4 Rh8 44. Kb5 Rg8 45. Ka6 Kf7 46. Bb7 1-0

[Event "World Blitz 2025"]
[Site "Doha QAT"]
[Date "2025.12.30"]
[Round "15.117"]
[White "Berend, Fred"]
[Black "Sharan, Rao"]
[Result "0-1"]
[WhiteTitle "IM"]
[BlackTitle "IM"]
[WhiteElo "2213"]
[BlackElo "2341"]
[WhiteFideId "4000102"]
[BlackFideId "5073464"]
[EventDate "2025.12.29"]

1. Nf3 Nf6 2. c4 e6 3. g3 d5 4. Bg2 Be7 5. Qc2 O-O 6. d4 c6 7. O-O b6 8. Nbd2
Bb7 9. b3 Nbd7 10. Bb2 Rc8 11. e4 dxe4 12. Nxe4 c5 13. Nxf6+ Nxf6 14. Rad1 Qc7
15. dxc5 Qxc5 16. Rd2 Be4 17. Qc3 Qh5 18. Re1 Bc6 19. Re5 Qh6 20. h3 Ne4 21.
Rxe4 Bxe4 22. Rd7 Bf6 23. Qc1 Qxc1+ 24. Bxc1 Rfd8 25. Rxd8+ Rxd8 26. Be3 Rd1+
27. Kh2 Ra1 28. a4 Bc3 29. c5 bxc5 30. Bxc5 a5 31. g4 f5 32. Ng5 Be5+ 0-1

[Event "World Blitz 2025"]
[Site "Doha QAT"]
[Date "2025.12.30"]
[Round "15.118"]
[White "Anwoir, Tarik"]
[Black "Bodemar, Jonathan"]
[Result "1/2-1/2"]
[BlackTitle "CM"]
[WhiteElo "2098"]
[BlackElo "2154"]
[WhiteFideId "9004904"]
[BlackFideId "6205488"]
[EventDate "2025.12.29"]

1. e4 e6 2. d4 d5 3. Nd2 c5 4. exd5 Qxd5 5. dxc5 Qxc5 6. Ngf3 Nf6 7. Bd3 Be7 8.
O-O O-O 9. Ne4 Nxe4 10. Bxe4 Nd7 11. c3 Nf6 12. Bc2 b6 13. Be3 Qc7 14. Bd4 Rd8
15. Qe2 Bb7 16. Rfe1 Rac8 17. Rad1 Bd5 18. a3 Qb7 19. Bxf6 Bxf3 20. gxf3 Bxf6
21. Bd3 Qc7 22. Kh1 Rd5 23. Rg1 Rcd8 24. Be4 Rh5 25. Rxd8+ Bxd8 26. Rg2 g6 27.
Qd2 Bg5 28. Qd4 Bf4 29. c4 Bxh2 30. Qd3 Be5+ 31. Kg1 Bxb2 32. a4 Be5 33. Qe3 Qd6
34. Qc1 Bf4 35. Qb1 Bh2+ 36. Kf1 Bf4 37. Kg1 Kg7 38. Rg4 Rg5 39. Rxg5 Bxg5 40.
a5 Bf6 41. axb6 axb6 42. Kg2 Qc5 43. Qb5 Bd4 44. Qxc5 Bxc5 45. Bc6 Kf6 46. f4
Kf5 47. Kf3 h5 48. Be8 Kf6 49. Ba4 Ke7 50. Bc2 Bd4 51. Ba4 Kd6 52. Be8 Ke7 53.
Ba4 f6 54. Bc2 g5 55. fxg5 fxg5 56. Bg6 h4 57. Bh5 Kd6 58. Bg4 e5 59. Ke2 Kc5
60. Be6 Kb4 61. f3 Kc3 62. Kf1 Kd3 63. Kg2 Ke3 64. Bd5 Bc5 65. Kh3 Be7 66. Bc6
Kf4 67. Be4 Bd8 68. Bd5 Ke3 69. Bc6 Kd4 70. Bb5 e4 71. fxe4 Kxe4 72. Bd7 Kf4 73.
Bc8 Be7 74. Bd7 Ke4 75. Kg4 Ke3 76. Bb5 Kf2 77. Bc6 Bd8 78. Kh3 Ke3 79. Kg4 Kf2
80. Bb7 Be7 81. Bc6 Bd8 82. Kh3 Bf6 83. Bd7 Be5 84. Be6 Bf4 85. Bd7 Ke3 86. Kg4
Kd4 87. Bb5 Kc5 88. Ba6 Be3 89. Bb5 Bd2 90. Ba6 Kd6 91. Bc8 Ke5 92. Bb7 Kd4 93.
Ba6 Be3 94. Bb5 Bf4 95. Ba6 Kc5 96. Kh3 Bd6 97. Kg4 Be7 98. Kh3 Kd4 99. Kg4 Ke3
100. Bb5 Kf2 101. Bc6 Bd8 102. Bb7 Bc7 103. Kh3 Bd6 104. Kg4 Bc7 105. Bc6 Bb8 1/2-1/2

[Event "World Blitz 2025"]
[Site "Doha QAT"]
[Date "2025.12.30"]
[Round "15.119"]
[White "Ashwath Kaushik"]
[Black "AlJamaat, Khaled"]
[Result "1-0"]
[WhiteTitle "FM"]
[WhiteElo "2345"]
[BlackElo "1719"]
[WhiteFideId "33387230"]
[BlackFideId "12102415"]
[EventDate "2025.12.29"]

1. d4 Nf6 2. Nf3 e6 3. c4 b6 4. e3 Bb7 5. Bd3 Be7 6. O-O O-O 7. Qe2 d5 8. b3 Re8
9. cxd5 exd5 10. Ba3 Bd6 11. Bxd6 Qxd6 12. Nc3 a6 13. Rac1 Nbd7 14. Qb2 Ne4 15.
Rfd1 Ndf6 16. Ne5 c5 17. Nxe4 dxe4 18. Bc4 Bd5 19. Bxd5 Qxd5 20. Nc4 Re6 21.
Nxb6 Rxb6 22. dxc5 Qe6 23. cxb6 Qxb6 24. Qd4 Qe6 25. Qd6 Qe8 26. h3 h6 27. Rc7
Qb5 28. Qe7 Rf8 29. Rd8 Rxd8 30. Qxf7+ 1-0

[Event "World Blitz 2025"]
[Site "Doha QAT"]
[Date "2025.12.30"]
[Round "15.120"]
[White "Phuyal, Aashish"]
[Black "Alkhuriji, Abdulaziz N"]
[Result "1-0"]
[WhiteElo "1955"]
[BlackElo "1972"]
[WhiteFideId "12312649"]
[BlackFideId "21525919"]
[EventDate "2025.12.29"]

1. e4 e5 2. Nf3 Nc6 3. Bb5 a6 4. Ba4 Nf6 5. d3 b5 6. Bb3 Be7 7. O-O O-O 8. Re1
d6 9. c3 Na5 10. Bc2 c5 11. Nbd2 Nc6 12. Nf1 Bb7 13. Bg5 h6 14. Bh4 Re8 15. a3
Qd7 16. Ne3 Rad8 17. Bb3 Na5 18. Ba2 c4 19. Bxf6 Bxf6 20. dxc4 Bxe4 21. cxb5
axb5 22. b4 Nc6 23. Bd5 Bxd5 24. Nxd5 Qf5 25. Nc7 Re6 26. Nxe6 fxe6 27. Qb1 Qh5
28. Qd3 Ne7 29. Qxb5 Rf8 30. Qd7 Ng6 31. Qxe6+ Kh8 32. Qh3 Bh4 33. Re4 Bxf2+ 34.
Kxf2 1-0

[Event "World Blitz 2025"]
[Site "Doha QAT"]
[Date "2025.12.30"]
[Round "15.121"]
[White "Dinham, James"]
[Black "Al-Janahi, Ibrahim"]
[Result "1-0"]
[WhiteElo "2091"]
[BlackElo "1656"]
[WhiteFideId "14327023"]
[BlackFideId "12102385"]
[EventDate "2025.12.29"]

1. e4 c5 2. Nf3 g6 3. d4 cxd4 4. Nxd4 Bg7 5. Nc3 Nc6 6. Be3 Nf6 7. Nxc6 bxc6 8.
e5 Ng8 9. f4 d6 10. Qd2 Bf5 11. exd6 Qxd6 12. Qxd6 exd6 13. O-O-O d5 14. Bd4
Bxd4 15. Rxd4 Ne7 16. Ba6 O-O 17. h3 h5 18. Re1 Rfe8 19. Rd2 Bd7 20. Rde2 1-0

[Event "World Blitz 2025"]
[Site "Doha QAT"]
[Date "2025.12.30"]
[Round "15.122"]
[White "Fates, Omer Salah"]
[Black "Anand, Tsogtbileg"]
[Result "0-1"]
[BlackTitle "CM"]
[WhiteElo "2079"]
[BlackElo "1968"]
[WhiteFideId "9212035"]
[BlackFideId "4926552"]
[EventDate "2025.12.29"]

1. e4 c5 2. Nf3 d6 3. Bb5+ Nd7 4. d4 cxd4 5. Qxd4 a6 6. Bxd7+ Bxd7 7. O-O Nf6 8.
Nc3 g6 9. e5 dxe5 10. Nxe5 Bg7 11. Rd1 Be6 12. Qa4+ Nd7 13. Bf4 b5 14. Qe4 Bxe5
15. Bxe5 O-O 16. Qe3 Qb6 17. Bd4 Qc6 18. Re1 Nf6 19. Qf4 0-1

[Event "World Blitz 2025"]
[Site "Doha QAT"]
[Date "2025.12.30"]
[Round "15.123"]
[White "Blackwood, Ryan"]
[Black "Dahal, Sushrut"]
[Result "1/2-1/2"]
[BlackTitle "CM"]
[WhiteElo "1945"]
[BlackElo "2037"]
[WhiteFideId "7400640"]
[BlackFideId "12303275"]
[EventDate "2025.12.29"]

1. e4 c5 2. Nf3 e6 3. d4 cxd4 4. Nxd4 a6 5. Nc3 Qc7 6. Bd3 Nf6 7. O-O Be7 8. Kh1
d6 9. f3 Nbd7 10. Qe1 b5 11. a3 Bb7 12. Bg5 h6 13. Qh4 Ne5 14. Bxf6 Bxf6 15. Qf2
O-O 16. Be2 Rac8 17. Rad1 Rfd8 18. h3 Nc4 19. Bxc4 Qxc4 20. Nde2 d5 21. exd5
exd5 22. Nd4 b4 23. axb4 Qxb4 24. Nce2 a5 25. c3 Qc5 26. Ra1 Ba6 27. Rfd1 Rb8
28. b4 Qc7 29. Rxa5 Bxe2 30. Nxe2 Re8 31. Rc5 Qe5 32. Nd4 Qh5 33. Nc6 Ra8 34.
Rcxd5 Qg6 35. Rd7 Bxc3 36. Ne7+ Rxe7 37. Rxe7 Bxb4 38. Qe2 Bxe7 39. Qxe7 Rf8 40.
Rd7 Qb1+ 41. Kh2 Qb8+ 42. Kg1 h5 43. Kf2 Qb2+ 44. Kg3 Qb8+ 45. Kf2 Qh2 46. Qd6
Qxd6 47. Rxd6 g6 48. Kg3 Kg7 49. f4 Rb8 50. Rd7 Kf6 51. Rd3 Rb4 52. Ra3 Rc4 53.
Kf3 Rb4 54. g4 hxg4+ 55. hxg4 Rc4 56. g5+ Kg7 57. Ra7 Rc3+ 58. Kg4 Rc4 59. Ra6
Rb4 60. Rc6 Ra4 61. Kf3 1/2-1/2

[Event "World Blitz 2025"]
[Site "Doha QAT"]
[Date "2025.12.30"]
[Round "15.124"]
[White "Ahmad, Saif"]
[Black "Al-Kuwari, Hamad"]
[Result "1/2-1/2"]
[BlackTitle "CM"]
[WhiteElo "1567"]
[BlackElo "1809"]
[WhiteFideId "12102709"]
[BlackFideId "12102679"]
[EventDate "2025.12.29"]

1. d4 d5 2. c4 e6 3. Nc3 dxc4 4. e3 c5 5. Bxc4 cxd4 6. Qxd4 Qxd4 7. exd4 Nc6 8.
Nf3 Nf6 9. O-O Bd6 10. Bg5 O-O 11. Bxf6 gxf6 12. Ne4 Rd8 13. Nxd6 Rxd6 14. Rac1 1/2-1/2

[Event "World Blitz 2025"]
[Site "Doha QAT"]
[Date "2025.12.30"]
[Round "15.125"]
[White "Alsaqer, Meshal"]
[Black "Al-Mansouri, Fahad"]
[Result "1-0"]
[WhiteElo "1853"]
[BlackElo "1607"]
[WhiteFideId "10301771"]
[BlackFideId "12102407"]
[EventDate "2025.12.29"]

1. d4 d5 2. Nf3 Nf6 3. c4 e6 4. Qc2 Be7 5. Nbd2 O-O 6. g3 b6 7. cxd5 exd5 8. Bg2
Bb7 9. O-O Nbd7 10. a4 a5 11. Nb1 Ne4 12. Nc3 Nxc3 13. bxc3 Nf6 14. e3 Ne4 15.
Rd1 Ba6 16. Ne5 Bb7 17. c4 c6 18. Ba3 Bxa3 19. Rxa3 Qd6 20. Rb3 Ra6 21. Rdb1 Qc7
22. cxd5 Nd6 23. dxc6 Bc8 24. Nc4 Qxc6 25. Bxc6 1-0

[Event "World Blitz 2025"]
[Site "Doha QAT"]
[Date "2025.12.30"]
[Round "16.1"]
[White "Bu, Xiangzhi"]
[Black "Carlsen, Magnus"]
[Result "0-1"]
[WhiteTitle "GM"]
[BlackTitle "GM"]
[WhiteElo "2665"]
[BlackElo "2840"]
[WhiteFideId "8601445"]
[BlackFideId "1503014"]
[EventDate "2025.12.29"]

1. Nf3 Nf6 2. c4 b6 3. Nc3 Bb7 4. d4 e6 5. a3 Ne4 6. Nxe4 Bxe4 7. Bg5 Be7 8.
Bxe7 Qxe7 9. e3 d6 10. Bd3 Bb7 11. O-O Nd7 12. b4 a5 13. Qc2 Bxf3 14. gxf3 f5
15. f4 g5 16. fxg5 Qxg5+ 17. Kh1 axb4 18. axb4 Rxa1 19. Rxa1 Ke7 20. f4 Qh5 21.
Qg2 Qg6 22. Rg1 Rg8 23. Qf2 Qxg1+ 24. Qxg1 Rxg1+ 25. Kxg1 c5 26. dxc5 bxc5 27.
bxc5 Nxc5 28. Bc2 Kf6 29. Kf2 e5 30. Kf3 h6 31. Kg3 Ne6 32. Bd3 Nc5 33. Bc2 e4
34. Kf2 Kg6 35. Kg3 Kg7 36. Kf2 Kf7 37. Ke2 Kg6 38. Kf2 Kh5 39. Kg3 Nb7 40. Ba4
Kg6 41. Be8+ Kf6 42. Bc6 Na5 43. Bd5 Nb3 44. Kf2 Nd2 45. Kg2 Nf3 46. Kg3 Kg6 47.
Bc6 Nd2 48. Kf2 Nxc4 49. Ke2 Kf6 50. Bd5 Nb6 51. Bg8 Nd7 52. Kd2 Nc5 53. Kc3 Nd3
54. Kd4 Ne1 55. Kd5 Nc2 56. Kxd6 Nxe3 57. Kc5 Ng2 58. Kd4 Nxf4 0-1

[Event "World Blitz 2025"]
[Site "Doha QAT"]
[Date "2025.12.30"]
[Round "16.3"]
[White "Erigaisi, Arjun"]
[Black "Lu, Shanglei"]
[Result "1-0"]
[WhiteTitle "GM"]
[BlackTitle "GM"]
[WhiteElo "2775"]
[BlackElo "2643"]
[WhiteFideId "35009192"]
[BlackFideId "8603332"]
[EventDate "2025.12.29"]

1. d4 Nf6 2. c4 e6 3. Nf3 d5 4. e3 c5 5. cxd5 exd5 6. Bb5+ Nc6 7. dxc5 Bxc5 8.
Qc2 Qa5+ 9. Nc3 O-O 10. Bxc6 bxc6 11. Bd2 Qa6 12. Nxd5 cxd5 13. Qxc5 Rb8 14. Qa3
Qxa3 15. bxa3 Ba6 16. Bb4 Rfc8 17. Nd4 Nd7 18. Kd2 Ne5 19. Rhc1 Nc4+ 20. Ke1 g6
21. Rc3 f6 22. Rac1 Kf7 23. f3 h5 24. Kf2 Ne5 25. Rc7+ Kg8 26. Kg3 Rxc7 27. Rxc7
Rb7 28. Rc8+ Kh7 29. Rf8 Nd7 30. Rd8 Bc4 31. Ne6 Ne5 32. h4 Bxa2 33. Bc3 Bc4 34.
Rf8 Rb3 35. Bd4 Rxa3 36. Rxf6 Nc6 37. Rf7+ Kg8 38. Rf8+ 1-0

[Event "World Blitz 2025"]
[Site "Doha QAT"]
[Date "2025.12.30"]
[Round "16.5"]
[White "So, Wesley"]
[Black "Duda, Jan-Krzysztof"]
[Result "1/2-1/2"]
[WhiteTitle "GM"]
[BlackTitle "GM"]
[WhiteElo "2753"]
[BlackElo "2729"]
[WhiteFideId "5202213"]
[BlackFideId "1170546"]
[EventDate "2025.12.29"]

1. e4 c6 2. d4 d5 3. e5 Bf5 4. Nd2 e6 5. Nb3 Nd7 6. Nf3 a6 7. Be2 c5 8. c3 h6 9.
O-O c4 10. Nbd2 Ne7 11. Ne1 b5 12. Nc2 Bh7 13. f4 f5 14. b3 Nc6 15. Ne3 Nb6 16.
a4 Be7 17. a5 Nd7 18. bxc4 bxc4 19. Qa4 Rc8 20. Bf3 Ndb8 21. Ba3 O-O 22. Rfb1
Rf7 23. Rb6 Bxa3 24. Qxa3 Kh8 25. Rab1 Bg8 26. Qa4 Rfc7 27. g4 g6 28. Kh1 Qh4
29. Rf1 Bf7 30. Qa3 Qe7 31. Qxe7 Rxe7 32. Rfb1 Ree8 33. Rb7 Re7 34. R7b6 Ree8
35. h4 Nxa5 36. h5 fxg4 37. hxg6 Bxg6 38. f5 gxf3 39. fxg6 f2 40. Ng4 Nbc6 41.
Nf6 Re7 42. Rxa6 Kg7 43. Kg2 Kxg6 44. Kxf2 Rg7 45. Nf3 Kf7 46. Rbb6 Rc7 47. Ra8
Rb7 48. Rxb7+ Nxb7 49. Rc8 Nbd8 50. Nh4 Rg5 51. Nf3 Rf5 52. Kg3 h5 53. Rc7+ Ne7
54. Nh7 Ke8 55. Nf6+ Kf7 56. Nh7 Ke8 57. Nfg5 Rf1 58. Nf6+ Kf8 59. Nfh7+ Ke8 60.
Nf6+ Kf8 61. Rd7 Ndc6 62. Rc7 Nf5+ 63. Kg2 Ne3+ 64. Kg3 Nf5+ 65. Kg2 Ne3+ 66.
Kh2 Ne7 67. Nfh7+ Ke8 68. Nf6+ Kf8 69. Ra7 Ng4+ 70. Kg2 Rf2+ 71. Kg1 Rc2 72.
Nfh7+ Ke8 73. Nf6+ Kf8 1/2-1/2

[Event "World Blitz 2025"]
[Site "Doha QAT"]
[Date "2025.12.30"]
[Round "16.6"]
[White "Sindarov, Javokhir"]
[Black "Jobava, Baadur"]
[Result "1-0"]
[WhiteTitle "GM"]
[BlackTitle "GM"]
[WhiteElo "2726"]
[BlackElo "2568"]
[WhiteFideId "14205483"]
[BlackFideId "13601520"]
[EventDate "2025.12.29"]

1. e4 d6 2. d4 Nf6 3. Nc3 e5 4. dxe5 dxe5 5. Qxd8+ Kxd8 6. Bc4 Ke8 7. Nge2 c6 8.
f3 Nbd7 9. a4 a5 10. Be3 Bc5 11. Nd1 Ke7 12. Nc1 Bxe3 13. Nxe3 Nc5 14. Nb3 Nxb3
15. Bxb3 Be6 16. Bxe6 Kxe6 17. O-O-O Rhd8 18. Rxd8 Rxd8 19. Nc4 Ra8 20. Rd1 Ne8
21. Nb6 Ra6 22. Nd7 b6 23. Nb8 Ra8 24. Nxc6 Nd6 25. Rd3 Rc8 26. Na7 Rc4 27. Rb3
Rxa4 28. Rxb6 Ra1+ 29. Kd2 Kd7 30. Ke2 Rg1 31. Kf2 Rc1 32. c3 Rc2+ 33. Kg3 f5
34. Nb5 f4+ 35. Kh3 Nf7 36. Rb7+ Ke6 37. Nc7+ Kf6 38. Ne8+ Kg6 39. Rb6+ Kg5 40.
Nxg7 a4 41. Ne6+ Kh5 42. Ng7+ Kg5 43. g3 Rf2 44. Ne6+ Kf6 45. Nxf4+ Kg7 46. Nh5+
Kf8 47. Kg4 Rxh2 48. Nf6 Nh6+ 49. Kg5 Nf7+ 50. Kf5 Kg7 51. Ne8+ Kf8 52. Nf6 Kg7
53. Rb7 Rf2 54. f4 Rf3 55. Ng4 Kf8 56. Rb8+ Ke7 57. Nxe5 Nd6+ 58. Kg4 Rf2 59.
Rb4 Re2 60. Kf3 Rc2 61. Nd3 a3 62. bxa3 Rxc3 63. Ke3 Rxa3 64. g4 h6 65. e5 Nf7
66. Rb7+ Kf8 67. Ke4 Ra5 68. Rc7 Rb5 69. Nc5 Ke8 70. Ne6 h5 71. Ng7+ Kf8 72.
Nxh5 Rb4+ 73. Kf5 Nh6+ 74. Kg5 Nf7+ 75. Kf6 Nd8 76. e6 Ke8 77. Ng7+ 1-0

[Event "World Blitz 2025"]
[Site "Doha QAT"]
[Date "2025.12.30"]
[Round "16.7"]
[White "Nepomniachtchi, Ian"]
[Black "Narayanan, S.L."]
[Result "1/2-1/2"]
[WhiteTitle "GM"]
[BlackTitle "GM"]
[WhiteElo "2723"]
[BlackElo "2616"]
[WhiteFideId "4168119"]
[BlackFideId "5058422"]
[EventDate "2025.12.29"]

1. e4 c5 2. Nf3 d6 3. d4 cxd4 4. Nxd4 Nf6 5. Nc3 a6 6. Nb3 Nbd7 7. a4 b6 8. Be2
Bb7 9. f3 e6 10. O-O Be7 11. Be3 O-O 12. Qd2 Rc8 13. Rfd1 Qc7 14. Bf1 Rfd8 15.
Rac1 h6 16. Qf2 Nc5 17. Nd2 d5 18. exd5 Nxd5 19. Nxd5 Bxd5 20. b3 a5 21. Nc4 Rb8
22. Na3 Bc6 23. Nb5 Bxb5 24. Bxb5 Rxd1+ 25. Rxd1 Rd8 26. Rxd8+ Qxd8 27. Qd2 Qc7
28. g3 Bf6 29. Kg2 h5 30. Bf2 g6 31. Qe2 Kg7 32. Qd2 Qe5 33. b4 axb4 34. Qxb4
Qc3 35. Qxc3 Bxc3 36. Kf1 Kf6 37. Ke2 Ke7 38. h4 Ba5 39. Bd4 Kd6 40. Be3 Bc3 41.
Bg5 Be5 42. Be8 f6 43. Bf4 g5 44. Bxe5+ Kxe5 45. Bxh5 gxh4 46. gxh4 Nxa4 47. Ke3
Nc3 48. f4+ Kf5 49. Kf3 e5 50. Bg4+ Kg6 51. fxe5 fxe5 52. Kg3 Nb5 53. Be2 Na3
54. Bd3+ Kg7 55. c3 e4 56. Bxe4 Nb5 57. c4 Nd6 58. Bd3 Nxc4 1/2-1/2

[Event "World Blitz 2025"]
[Site "Doha QAT"]
[Date "2025.12.30"]
[Round "16.8"]
[White "Abdusattorov, Nodirbek"]
[Black "Gukesh, D"]
[Result "1-0"]
[WhiteTitle "GM"]
[BlackTitle "GM"]
[WhiteElo "2732"]
[BlackElo "2754"]
[WhiteFideId "14204118"]
[BlackFideId "46616543"]
[EventDate "2025.12.29"]

1. e4 c5 2. Nf3 d6 3. Bb5+ Nd7 4. c4 Nf6 5. Nc3 g6 6. O-O Bg7 7. d3 O-O 8. Ba4
Nb8 9. h3 Nc6 10. Be3 Bd7 11. a3 a6 12. Rb1 Ne8 13. Bxc6 bxc6 14. Qd2 a5 15. Bh6
e5 16. b4 cxb4 17. axb4 axb4 18. Rxb4 c5 19. Rb3 Bc6 20. Rfb1 f5 21. Nd5 Rf7 22.
Bxg7 Nxg7 23. Rb6 Rc8 24. Qh6 Ne6 25. exf5 Rxf5 26. Nd2 Qf8 27. Qxf8+ Kxf8 28.
Ne4 Bxd5 29. Nxd6 1-0

[Event "World Blitz 2025"]
[Site "Doha QAT"]
[Date "2025.12.30"]
[Round "16.9"]
[White "Sadhwani, Raunak"]
[Black "Artemiev, Vladislav"]
[Result "0-1"]
[WhiteTitle "GM"]
[BlackTitle "GM"]
[WhiteElo "2638"]
[BlackElo "2641"]
[WhiteFideId "35093487"]
[BlackFideId "24101605"]
[EventDate "2025.12.29"]

1. e4 e5 2. Nf3 Nc6 3. Bb5 a6 4. Ba4 Nf6 5. O-O Be7 6. Re1 b5 7. Bb3 O-O 8. h3
Bb7 9. c3 d5 10. exd5 Nxd5 11. d3 Bf6 12. a4 Nb6 13. a5 Nd7 14. Be3 Ne7 15. Bc2
Nd5 16. Bc1 c5 17. Nbd2 Qc7 18. Ne4 Be7 19. Ng3 Rfe8 20. Bd2 Rad8 21. Qb1 Nf4
22. d4 Bxf3 23. gxf3 g6 24. Bxf4 exf4 25. Ne2 cxd4 26. Nxd4 Bc5 27. Be4 Nf6 28.
Nb3 Ba7 29. Qc2 Re5 30. Rad1 Rde8 31. Nd4 Qc8 32. Nc6 Qxh3 33. Nxe5 Rxe5 0-1